Culture Générale (fleuves) - Série 2443 - Statistiques

Statistiques générales
  • Ce quiz a été pris 104 fois
  • Le résultat moyen est 6 sur 10
Statistiques - réponses
Question Réponse % Correct
Quel fleuve traverse la ville italienne de Rome ? Tibre
82%
Quelle grande ville portuaire du nord de l'Allemagne, est reliée à la mer du Nord par le fleuve Elbe ? Hambourg
77%
Quel fleuve se jette dans la mer du Nord après un cours long d'approximativement 950 kilomètres traversant la France, la Belgique et les Pays-Bas ? Meuse
72%
Quel fleuve prenant sa source en Espagne et traversant le Portugal se jette dans l'océan Atlantique à Lisbonne ? Tage
70%
Quel fleuve de Sibérie long de 5 539 km, gelé à certaines périodes de l'année, se jette dans l'océan Arctique ? Ienisseï
50%
Quel fleuve de Russie qui s'étend du Kazakhstan à la Chine en passant par la Mongolie.est long de 5 410 km ? Ob
49%
Quel fleuve traverse la ville italienne de Florence ? Arno
47%
Quel fleuve entièrement polonais, a donné son nom à une période glaciaire ? Vistule
47%
Quel fleuve, avec son affluent de rive gauche, la Neisse, marque la frontière entre la Pologne et l'Allemagne ? Oder
35%
Après l'Amazone, quel est le plus important fleuve d'Amérique du Sud ? Paraná
28%
Aucun quiz correspondant
Distribution des résultats
% des personnes avec chaque résultat
Percentile par nombre de réponses
Votre historique - résultats
Vous n’avez pas pris ce quiz